00626nam a2200169 i 450000100060000000300090000600500170001500700030003200800410003511000420007624501000011826000450021830000220026385200320028599900170031795201220033420519ES-MaACL20230906152322.0t|021113s1968 sp ||||1| spa d2 aAcción Católica Española.9124310aUnidos para que el mundo crea b: plan de trabajo 1968-1969 / cAcción Católica Española. aMadrid : b[s.n., c1968] (fImp. Ramos) a111 p. ; c19 cm. aES-MaACLjC-51608 bR.67313 c20519d20519 00104070aATENEOMbATENEOMcDEPO2d2008-01-17eSCl0oC-51608p1021066r2023-02-23 00:00:00w2023-02-23yMONOGRAFIA